Healthy Eating And Physical Activity In Out-of-school Time Settings: New Directions For Youth Development, Number 143 (Record no. 295877)
[ view plain ]
| 000 -LEADER | |
|---|---|
| fixed length control field | 00488nam a2200121Ia 4500 |
| 008 - FIXED-LENGTH DATA ELEMENTS--GENERAL INFORMATION | |
| fixed length control field | 160609s9999 xx 000 0 und d |
| 100 ## - MAIN ENTRY--PERSONAL NAME | |
| Personal name | Hall, Georgia. |
| 245 ## - TITLE STATEMENT | |
| Title | Healthy Eating And Physical Activity In Out-of-school Time Settings: New Directions For Youth Development, Number 143 |
| 245 ## - TITLE STATEMENT | |
| Statement of responsibility, etc | By:Georgia Hall, Jean L. Wiecha |
| 260 ## - PUBLICATION, DISTRIBUTION, ETC. (IMPRINT) | |
| Date of publication, distribution, etc | 2015 |
| 650 ## - SUBJECT ADDED ENTRY--TOPICAL TERM | |
| General subdivision | CHILD & ADOLESCENT DEVELOPMENT |
| 856 ## - ELECTRONIC LOCATION AND ACCESS | |
| Uniform Resource Identifier | <a href="http://file.ebook777.com/007/HeaEatAndPhyActInOutTimSetNewDirForYouDevNum143.pdf">http://file.ebook777.com/007/HeaEatAndPhyActInOutTimSetNewDirForYouDevNum143.pdf</a> |
| Withdrawn status | Lost status | Damaged status | Home library | Current library | Date acquired | Total Checkouts | Date last seen | Price effective from | Koha item type |
|---|---|---|---|---|---|---|---|---|---|
| College Library | College Library | 06/09/2016 | 06/09/2016 | 06/09/2016 | Curriculum - Based eBooks |